Catálogo público

Documentation (Record no. 26018)

MARC details
000 -CABECERA
campo de control de longitud fija 01061nam a22003017a 4500
003 - IDENTIFICADOR DEL NÚMERO DE CONTROL
campo de control CHAP
005 - FECHA Y HORA DE LA ÚLTIMA TRANSACCIÓN
campo de control 20220329134807.0
008 - DATOS DE LONGITUD FIJA--INFORMACIÓN GENERAL
campo de control de longitud fija 971013s1985 r 00010 d
010 ## - NÚMERO DE CONTROL DE LA BIBLIOTECA DEL CONGRESO
Número de control de LC 26018
011 ## - ENLACE DEL NUMERO DE CONTROL DE LA BIBLIOTECA DEL CONGRESO [OBSOLETO]
Número de control de LC 26990
035 ## - NÚMERO DE CONTROL DEL SISTEMA
Número de control de sistema 31091
040 ## - FUENTE DE LA CATALOGACIÓN
Centro/agencia transcriptor CHAP
090 ## - LOCALMENTE ASIGNADO TIPO-LC NÚMERO DE CLASIFICACIÓN (OCLC); NÚMERO DE CLASIFICACIÓN LOCAL (RLIN)
Número de clasificación (OCLC) (R) ; Numero de clasificación, CALL (RLIN) (NR) Folleto 11350
110 ## - ENTRADA PRINCIPAL--NOMBRE DE ENTIDAD CORPORATIVA
Nombre de entidad corporativa o nombre de jurisdicción como elemento de entrada International Organization for Standardization
9 (RLIN) 59760
245 ## - MENCIÓN DE TÍTULO
Título Documentation
Resto del título : methods for examining documents, determining their subjects, and selecting indexing terms
260 ## - PUBLICACIÓN, DISTRIBUCIÓN, ETC.
Lugar de publicación, distribución, etc. (s.l.) :
Nombre del editor, distribuidor, etc. The International Organization for Standardization,
Fecha de publicación, distribución, etc. 1985
300 ## - DESCRIPCIÓN FÍSICA
Extensión 5 p
590 ## - NOTA LOCAL (RLIN)
Nota local BATCH-UPD
Procedencia (VM) [OBSOLETO] 10
Condición del los carretes individuales (VM) [OBSOLETO] 20130110
-- UCH01
-- 1106
590 ## - NOTA LOCAL (RLIN)
Nota local BATCH-UPD
Procedencia (VM) [OBSOLETO] 10
Condición del los carretes individuales (VM) [OBSOLETO] 20130410
-- UCH01
-- 0658
590 ## - NOTA LOCAL (RLIN)
Nota local BATCH-UPD
Procedencia (VM) [OBSOLETO] 10
Condición del los carretes individuales (VM) [OBSOLETO] 20130914
-- UCH01
-- 1632
590 ## - NOTA LOCAL (RLIN)
Nota local CONVERSION
Procedencia (VM) [OBSOLETO] 10
Condición del los carretes individuales (VM) [OBSOLETO] 20130109
-- UCH01
-- 1315
650 14 - PUNTO DE ACCESO ADICIONAL DE MATERIA--TÉRMINO DE MATERIA
Término de materia o nombre geográfico como elemento de entrada Indización.
9 (RLIN) 57676
901 ## - ELEMENTOS DE DATOS A LOCAL LDA (RLIN)
a BK
942 ## - ELEMENTOS DE PUNTO DE ACCESO ADICIONAL (KOHA)
Tipo de ítem Koha Folleto
949 ## - PROCESAMIENTO DE INFORMACIÓN LOCAL (OCLC)
a Folleto 11350
b BC
c FOLL
d -143803
e TS2
f c.2
i 31091
s i
949 ## - PROCESAMIENTO DE INFORMACIÓN LOCAL (OCLC)
a Folleto 11350
b BC
c FOLL
d -147660
e TS2
f c.3
i 31091
s i
949 ## - PROCESAMIENTO DE INFORMACIÓN LOCAL (OCLC)
a Folleto 11350
b BC
c FOLL
d -71995
e TS1
i 31091
m D
s i
Holdings
Estado de retiro Estado de pérdida Fuente del sistema de clasificación o colocación Estado dañado Restricciones de uso No para préstamo Código de colección Localización permanente Ubicación/localización actual Ubicación en estantería Fecha de adquisición Información codificada de la localización en otra ubicación Total de préstamos Signatura topográfica completa Código de barras Fecha visto por última vez Precio válido a partir de Tipo de ítem Koha Número de copia
    Clasificación Universidad Autónoma de Chapingo   Préstamo interno   Folletos Biblioteca Central Biblioteca Central Planta alta - Área de Tesis - Folletos 17/12/2012 FOLL   Folleto 11350 33724002508157 31/12/2019 17/12/2012 Folleto  
    Clasificación Universidad Autónoma de Chapingo   Préstamo 3 días   Folletos Biblioteca Central Biblioteca Central Planta alta - Área de Tesis - Folletos 17/12/2012 FOLL   Folleto 11350 33724002508199 31/12/2019 17/12/2012 Folleto c.2
    Clasificación Universidad Autónoma de Chapingo   Préstamo 3 días   Folletos Biblioteca Central Biblioteca Central Planta alta - Área de Tesis - Folletos 17/12/2012 FOLL   Folleto 11350 33724002508231 31/12/2019 17/12/2012 Folleto c.3